000
00318nam a22001337a 4500
008
170525b xxu||||| |||| 00| 0 eng d
020
_a
9783772340321
041
_a
eng
080
_a
62
100
_a
26
101
_a
IM
245
_a
MIKROPROZESONREN STEUERN UND STEUERN UND REGELN
_c
LEDING.G
942
_2
udc
_c
BK
999
_c
14209
_d
14209